| 000 | 00730nam a2200217Ia 4500 | ||
|---|---|---|---|
| 001 | b3023-25315 [4322] | ||
| 003 | IT-MiCISF | ||
| 005 | 20230307122447.0 | ||
| 008 | 161014s9999||||xx |||||||||||||| ||und|| | ||
| 040 |
_aIT-MiCISF _cIT-MiCISF |
||
| 041 | _ait | ||
| 100 |
_aPiazza Maria Grazia _959504 |
||
| 245 | 0 |
_aLa donna italiana e la procreazione. _bSituazione e scenari alternativi |
|
| 260 |
_a Roma, _bDehoniane, _c1993 |
||
| 300 | _app. 218 | ||
| 500 | _a / procreazione, natalità, nuzialità, aborto, cambiamenti-famiglia, famiglia-migranti, sessualità, matrimonio, donna, donna-lavoratrice, procreazione-artificiale / | ||
| 650 |
_aprocreazione _956309 |
||
| 654 | _asaggio | ||
| 942 |
_cBK _2ddc |
||
| 999 |
_c214389 _d214389 |
||
| 999 | _bsi | ||